Statistiques concernant Quiz Pokemon la troisième génération.

Cliquez ici pour prendre le quiz!

Statistiques générales

  • Ce quiz a été pris 11 fois
  • Le résultat moyen est 91 sur 135

Statistiques - réponses

Answer % Correct
255poussifeu
90%
252arcko
90%
338solaroc
80%
283arakdo
80%
337seleroc
80%
279bekipan
80%
278goelise
80%
272ludicolo
80%
275tengalice
80%
336seviper
80%
328kraknoix
80%
303mysdibule
80%
312negapi
80%
311posipi
80%
349barpau
80%
297hariyama
80%
271lombre
80%
357tropius
80%
334altaria
80%
340barbicha
80%
262grahyena
80%
257brasegali
80%
263zigzaton
80%
264lineon
80%
270nenupiot
80%
258gobou
80%
260laggron
80%
350milobellus
80%
261medhyena
80%
266armulys
80%
265chenipotte
80%
253massko
80%
269papinox
80%
268blindalys
80%
267charmillon
80%
256galifeu
80%
254jungko
80%
324chartor
70%
310elecsprint
70%
321wailord
70%
363obalie
70%
320wailmer
70%
359absol
70%
315roselia
70%
331cacnea
70%
341ecrapince
70%
309dynavolt
70%
342colhomard
70%
355skelenox
70%
354branette
70%
339barloche
70%
335mangriff
70%
329vibraninf
70%
330libegon
70%
332cacturne
70%
333tylton
70%
356teraclope
70%
299tarinor
70%
284maskadra
70%
384rayquaza
70%
291ninjask
70%
292munja
70%
295brouhabam
70%
385jirachi
70%
277heledelle
70%
259flobio
70%
273grainipiot
70%
274pifeuil
70%
276nirondelle
70%
296makuhita
70%
293chuchmur
70%
306galeking
70%
304galekid
70%
305galegon
70%
373drattak
70%
302tenefix
70%
371draby
70%
386deoxys
60%
366coquiperl
60%
364phogleur
60%
368rosabyss
60%
351morpheo
60%
353polichombr
60%
367serpang
60%
382kyogre
60%
370lovdisc
60%
377regirock
60%
362oniglali
60%
376metalosse
60%
372drackhaus
60%
378regice
60%
361stalgamin
60%
381latios
60%
380latias
60%
379registeel
60%
383groudon
60%
319sharpedo
60%
317avaltout
60%
318carvanha
60%
322chamallot
60%
323camerupt
60%
289monaflemit
60%
290ningale
60%
301delcatty
60%
298azurill
60%
294ramboum
60%
348armaldo
60%
300skitty
60%
288vigoroth
60%
281kirlia
60%
280tarsal
60%
346vacilys
60%
347anorith
60%
287parecool
60%
344kaorine
60%
286chapignon
60%
282gardevoir
60%
327spinda
60%
374terhal
50%
285balignon
50%
375metang
50%
314lumivole
50%
326groret
50%
325spoink
50%
343balbuto
50%
345lilia
50%
352kecleon
50%
307meditikka
50%
360okeoke
50%
369relicanth
50%
308charmina
50%
313muciole
50%
316gloupti
50%
365kaimorse
50%
358eoko
40%

Distribution des résultats

Percentile by Number Answered

% des personnes avec chaque résultat

Votre développement - résultats

Vous n’avez pas pris ce quiz